|
|
|
|
| LEADER |
00000nam a2200000 a 4500 |
| 001 |
vtls008159568 |
| 003 |
SK-MaSNL |
| 005 |
20260301044524.0 |
| 008 |
240314s2005 xr o n 000 0 cze |
| 015 |
|
|
|a SNBZSA2006-00026
|
| 020 |
|
|
|a 8020607625
|q (viaz.)
|
| 035 |
|
|
|a urn:nbn:sk:snk-am00a0fn
|
| 035 |
|
|
|a urn:nbn:sk:snk-am3hc5i
|
| 035 |
|
|
|a 9DE32EA5-A21B-4274-AD38-63CFFBE31A77
|
| 040 |
|
|
|a SNK
|b slo
|c SNK
|e AACR2
|
| 041 |
0 |
|
|a cze
|
| 043 |
|
|
|a e-cs---
|
| 044 |
|
|
|a xr
|c CZ
|
| 072 |
|
7 |
|a 94(437)
|x Dejiny Česka a Slovenska
|2 konspekt
|
| 080 |
|
|
|a 94(437)
|x "1939/1945"
|2 2001
|
| 080 |
|
|
|a 355.425/.426
|2 2001
|
| 080 |
|
|
|a 323.25/.26:329.18
|x (437)
|2 2001
|
| 080 |
|
|
|a 329.18
|2 2001
|
| 100 |
1 |
|
|a Šolc, Jiří,
|d 1932-2010
|4 aut
|9 351077
|
| 245 |
1 |
0 |
|a Podpalte Československo!
|b kapitoly z historie československého zahraničního a domácího odboje (1939-1945)
|c Jiří Šolc
|
| 250 |
|
|
|a V nakladatelství Naše vojsko vyd. 1.
|
| 260 |
|
|
|a Praha
|b Naše vojsko
|c 2005
|
| 300 |
|
|
|a 353 s., [60] s. obr. príl.
|b ilustr., portréty, faksim.
|c 25 cm
|
| 500 |
|
|
|a Bibliogr. odkazy
|
| 650 |
0 |
7 |
|a protifašistický odboj
|z Česko-Slovensko
|y 1939-1945
|2 SNK
|9 68254
|
| 650 |
0 |
7 |
|a zahraničný odboj
|z Československo
|y 1939-1945
|2 snkbuxs
|9 351078
|
| 651 |
|
7 |
|a Slovensko (1939-1945)
|2 snkbuxs
|9 172088
|
| 651 |
|
7 |
|a Česko
|x dejiny
|2 snkbuxs
|9 58420
|
| 651 |
|
7 |
|a Protektorát Čechy a Morava (1939-1945)
|2 SNKPHgeo
|9 167748
|
| 655 |
|
7 |
|a monografie
|2 snkph
|9 70139
|
| 919 |
|
|
|a 80-206-0762-5
|
| 958 |
|
|
|a ZS
|
| 958 |
|
|
|a CZ
|
| 958 |
|
|
|a NB
|
| 958 |
|
|
|a OS
|
| 958 |
|
|
|a OND
|
| 999 |
|
|
|c 596182
|d 598112
|
| 952 |
|
|
|a SNK
|b SNK
|y PREZ
|7 0
|p 17A0479331
|o snkSC 120718
|i snk2005/12301
|8 2
|g 15.90
|0 0
|1 0
|4 0
|d 2005-06-10
|f 1
|l 0
|r 2025-05-30 00:00:00
|w 2026-02-23
|
| 952 |
|
|
|a SNK
|b SNKPULT
|y VYP
|7 0
|p 17A0484983
|o snkSC 120718 D1
|i snk2005/18006
|8 2
|g 14.27
|0 0
|1 0
|4 0
|d 2005-08-11
|l 1
|m 3
|r 2026-05-11 12:25:34
|s 2026-02-28
|w 2026-02-23
|
| 952 |
|
|
|t snkSOL 94(437)
|a SNKUST
|b SNKUST
|y PREZ
|7 0
|p 17A0518119
|o snkSC 120718 D2
|i snk2006/16699
|8 4
|g 17.79
|0 0
|1 0
|4 0
|d 2006-06-14
|l 0
|r 2025-04-30 00:00:00
|w 2026-02-23
|